Estatísticas para Os 10 principais países afetados pela Covid-19 - 26 de abril

Clique aqui para jogar o quiz

Estatísticas Gerais

  • Esse quiz foi jogado 7 vezes
  • A pontuação média é 10 de 16

Estatísticas das Respostas

país% Correto
Alemanha
100%
Estados Unidos
100%
França
100%
Itália
100%
China
86%
Espanha
86%
Reino Unido
86%
Rússia
71%
Irão
57%
Portugal
57%
Bélgica
43%
Irlanda
43%
Suíça
29%
Turquia
29%
Catar
14%
Singapura
0%

Distribuição das Pontuações

Percentil de Números Respondidos

Porcentagem de Pessoas com Cada Pontuação

Sua Pontuação Histórica

Você não jogou esse quiz